The noble scholar, jurist, historian


 His Excellency Dr. Abdul Wahhab bin Ibrahim Abu Sulaiman, may Allah have mercy on him.


 He was born in Umm Al-Qura in the year 1356 AH.

الفهرسة الصغرى والكبرى / (Record no. 5736)

MARC details
000 -LEADER
fixed length control field 01516cam a22003491i 4500
003 - CONTROL NUMBER IDENTIFIER
control field SA-RiAUC
005 - DATE AND TIME OF LATEST TRANSACTION
control field 20250208081439.0
008 - FIXED-LENGTH DATA ELEMENTS--GENERAL INFORMATION
fixed length control field 250207s2009 mr a g b f001 0cara c
020 ## - INTERNATIONAL STANDARD BOOK NUMBER
International Standard Book Number 9789953818221
040 ## - CATALOGING SOURCE
Original cataloging agency MA-HhKAF
Language of cataloging ara
Transcribing agency SA-RiAUC.
Description conventions rda
043 ## - GEOGRAPHIC AREA CODE
Geographic area code f-mr---
072 #7 - SUBJECT CATEGORY CODE
Subject category code OM
082 04 - DEWEY DECIMAL CLASSIFICATION NUMBER
Classification number 920.064
Assigning agency SA-RiAUC
090 ## - LOCALLY ASSIGNED LC-TYPE CALL NUMBER (OCLC); LOCAL CALL NUMBER (RLIN)
Classification number (OCLC) (R) ; Classification number, CALL (RLIN) (NR) 920.064
Local cutter number (OCLC) ; Book number/undivided call number, CALL (RLIN) ا ب ن س
100 1# - MAIN ENTRY--PERSONAL NAME
Personal name ابن سودة المري، محمد بن محمد بن عمر،
Dates associated with a name 1911-1980
Relationship 070
Relator term مؤلف.
245 12 - TITLE STATEMENT
Title الفهرسة الصغرى والكبرى /
Statement of responsibility, etc. أبو عبد الله محمد التاودي بن سودة ؛ دراسة وتحقيق عبد المجيد خيالي.
250 ## - EDITION STATEMENT
Edition statement الطبعة الأولى.
264 #1 - PRODUCTION, PUBLICATION, DISTRIBUTION, MANUFACTURE, AND COPYRIGHT NOTICE
Place of production, publication, distribution, manufacture الدار البيضاء، المغرب :
Name of producer, publisher, distributor, manufacturer مركز التراث الثقافي المغربي،
Date of production, publication, distribution, manufacture, or copyright notice 2009
300 ## - PHYSICAL DESCRIPTION
Extent 310 صفحة :
Other physical details مصور ؛
Dimensions 24 سم.
336 ## - CONTENT TYPE
Content type term نص
Content type code txt
Source rdacontent
Materials specified كتاب
337 ## - MEDIA TYPE
Media type term بدون وسيط
Media type code n
Source rdamedia
338 ## - CARRIER TYPE
Carrier type term مجلد
Carrier type code nc
Source rdacarrier
490 1# - SERIES STATEMENT
Series statement السلسلة الأولى لتحقيق فهارس علماء المغرب ؛
Volume/sequential designation 1
500 ## - GENERAL NOTE
General note غلاف مصور.
500 ## - GENERAL NOTE
General note يشتمل على كشافات.
504 ## - BIBLIOGRAPHY, ETC. NOTE
Bibliography, etc. note ببليوجرافية : صفحة 245-260.
651 #7 - SUBJECT ADDED ENTRY--GEOGRAPHIC NAME
Geographic name المغرب
Form subdivision تراجم
Source of heading or term aucsh
700 1# - ADDED ENTRY--PERSONAL NAME
Personal name خيالي، عبد المجيد
Relator term محقق.
830 #2 - SERIES ADDED ENTRY--UNIFORM TITLE
Uniform title السلسلة الأولى لتحقيق فهارس علماء المغرب
Volume/sequential designation 1
942 ## - ADDED ENTRY ELEMENTS (KOHA)
Source of classification or shelving scheme Dewey Decimal Classification
Koha item type Books
Suppress in OPAC No
949 ## - LOCAL PROCESSING INFORMATION (OCLC)
a SA-JeALM
d 250207
u mohamedma123
n 1
Holdings
Withdrawn status Lost status Source of classification or shelving scheme Damaged status Not for loan Home library Current library Date acquired Total checkouts Full call number Barcode Date last seen Price effective from Koha item type
    Dewey Decimal Classification     DR AbdElwahab Library DR AbdElwahab Library 02/08/2025   920.064 ا ب ن س 000009160 02/08/2025 02/08/2025 Books
    Dewey Decimal Classification     DR AbdElwahab Library DR AbdElwahab Library 05/23/2025   920.064 ا ب ن س 000013785 05/23/2025 05/23/2025 Books